| 000 | 00465nam a22001697a 4500 | ||
|---|---|---|---|
| 003 | NUST - PNEC | ||
| 005 | 20170116181152.0 | ||
| 008 | 151205b xxu||||| |||| 00| 0 eng d | ||
| 020 | _a- | ||
| 040 | _cLIBRARY | ||
| 082 | _a954.9 SHA | ||
| 100 |
_915563 _aKhan, Shafique Ali, |
||
| 245 |
_aTwo nation theory: as a concept, strategy and ideology. _cShafique Ali, Khan, |
||
| 260 | _cc1985. | ||
| 650 |
_915564 _aPakistan movement _xGrneral |
||
| 942 |
_2ddc _cBK |
||
| 999 |
_c71020 _d71020 |
||